The power of metaphor : (Record no. 265410)
[ view plain ]
| 000 -LEADER | |
|---|---|
| fixed length control field | 01152cam a22003257a 4500 |
| 001 - CONTROL NUMBER | |
| control field | 12992928 |
| 003 - CONTROL NUMBER IDENTIFIER | |
| control field | OSt |
| 005 - DATE AND TIME OF LATEST TRANSACTION | |
| control field | 20251202073913.0 |
| 008 - FIXED-LENGTH DATA ELEMENTS--GENERAL INFORMATION | |
| fixed length control field | 021105s2000 vtua b 000 0 eng |
| 010 ## - LIBRARY OF CONGRESS CONTROL NUMBER | |
| LC control number | 2002115593 |
| 020 ## - INTERNATIONAL STANDARD BOOK NUMBER | |
| International Standard Book Number | 1899836438 |
| Qualifying information | pbk. |
| International Standard Book Number | 9781899836437 |
| Qualifying information | (pbk.) |
| 035 ## - SYSTEM CONTROL NUMBER | |
| System control number | 12992928 |
| System control number | (DLC) 2002115593 |
| 040 ## - CATALOGING SOURCE | |
| Original cataloging agency | DLC |
| Transcribing agency | DLC |
| 050 00 - LIBRARY OF CONGRESS CALL NUMBER | |
| Classification number | BF175.5 |
| Item number | .M44 2008 |
| 100 1# - MAIN ENTRY--PERSONAL NAME | |
| Personal name | Berman, Michael, |
| Dates associated with a name | 1951- |
| 245 14 - TITLE STATEMENT | |
| Title | The power of metaphor : |
| Remainder of title | story telling & guided journeys for teachers, trainers & therapists / |
| Statement of responsibility, etc | Michael Berman and David Brown. |
| 260 ## - PUBLICATION, DISTRIBUTION, ETC. (IMPRINT) | |
| Place of publication, distribution, etc | Williston, VT : |
| Name of publisher, distributor, etc | Crown House Pub., |
| Date of publication, distribution, etc | 2000 |
| Date of manufacture | (2002 printing) |
| 300 ## - PHYSICAL DESCRIPTION | |
| Extent | iii, 205 p. : |
| Other physical details | ill. ; |
| Dimensions | 24 cm. |
| 336 ## - CONTENT TYPE | |
| Content type term | text |
| Content type code | txt |
| Source | rdacontent |
| 337 ## - MEDIA TYPE | |
| Media type term | unmediated |
| Media type code | n |
| Source | rdamedia |
| 338 ## - CARRIER TYPE | |
| Carrier type term | volume |
| Carrier type code | nc |
| Source | rdacarrier |
| 504 ## - BIBLIOGRAPHY, ETC. NOTE | |
| Bibliography, etc | Includes bibliographical references (p. 203-205). |
| 700 1# - ADDED ENTRY--PERSONAL NAME | |
| Personal name | Brown, David. |
| 906 ## - LOCAL DATA ELEMENT F, LDF (RLIN) | |
| a | 7 |
| b | cbc |
| c | orignew |
| d | 4 |
| e | epcn |
| f | 20 |
| g | y-gencatlg |
| 942 ## - ADDED ENTRY ELEMENTS (KOHA) | |
| Source of classification or shelving scheme | Library of Congress Classification |
| Koha item type | Long Loan Books |
| Withdrawn status | Lost status | Source of classification or shelving scheme | Damaged status | Not for loan | Collection code | Home library | Current library | Shelving location | Date acquired | Source of acquisition | Total Checkouts | Full call number | Barcode | Date last seen | Price effective from | Koha item type |
|---|---|---|---|---|---|---|---|---|---|---|---|---|---|---|---|---|
| Library of Congress Classification | Non-fiction | Rongo University Library | Rongo University Library | General Stacks | 02/12/2025 | Books for Africa, Donation | BF175.5 .M44 2008 | 20260788 | 02/12/2025 | 02/12/2025 | Long Loan Books |
